01003nam a2200265 450000100060000000300080000600500170001400800410003102000340007203500190010604000320012504100080015708200210016510000240018624500640021026000500027430000290032449000320035350400410038565000250042694200120045199900170046395201360048095201210061616652BD-RjUL20211209000033.0140215s1973 nyua b 001 0 eng d a0151701571a0155676245 (pbk.) a(BD-RjUL)16707 aDLCcDLCdDLCdBD-RjULbeng aeng00a709.01bPOO 19731 aPowell, Ann.95143814aThe origins of Western art :bWith 213 illus /cAnn Powell. aNew York :bHarcourt Brace Jovanovich,c1973. a224 p. :billus.c21 cm.0 aThe Harbrace history of art aBibliography: p. 219-220. and index. 0aArt, Ancient.951439 2ddccBK c16652d16652 00102ddc40708NFICaRUCLbRUCLcStackd1990-04-17eAsia foundationl0o709.01 POO 1973r2014-02-15 00:00:00tC-3w2014-02-15yBK 00102ddc40718NFICaRUCLbRUCLcReadingd1988-05-29l0o709.01 POO 1973r2019-12-15 00:00:00tC-1w2019-12-15yBK